ISLAM the wave of the future (Record no. 65000)
[ view plain ]
| 000 -LEADER | |
|---|---|
| fixed length control field | 00253nam a22001097a 4500 |
| 082 ## - DEWEY DECIMAL CLASSIFICATION NUMBER | |
| Classification number | 297 |
| -- | KAU |
| 100 ## - MAIN ENTRY--AUTHOR NAME | |
| Personal name | KAUKAB SIDDIQUE |
| -- | KAUKAB SIDDIQUE |
| 245 ## - TITLE STATEMENT | |
| Title | ISLAM the wave of the future |
| 260 ## - PUBLICATION, DISTRIBUTION, ETC. (IMPRINT) | |
| Place of publication | PAKISTAN |
| Name of publisher | kARACHI |
| Year of publication | 1993 |
| 300 ## - PHYSICAL DESCRIPTION | |
| Number of Pages | 74p |
| 942 ## - ADDED ENTRY ELEMENTS (KOHA) | |
| Koha item type | Books |
No items available.